|
|
|
|
| LEADER |
00000ngm a2200000 a 4500 |
| 001 |
vtls001521015 |
| 003 |
SK-MaSNL |
| 005 |
20260302073919.0 |
| 007 |
vf cbahos |
| 008 |
050323s2005 xo 079 d vlcze |
| 028 |
4 |
0 |
|a 4192
|b Intersonic
|
| 040 |
|
|
|a SNK
|b slo
|c SNK
|e AACR2
|
| 072 |
|
7 |
|a 791
|x Film. Cirkus. Ľudová zábava
|2 konspekt
|
| 080 |
|
|
|a 791.221.2(73)
|2 2001
|
| 080 |
|
|
|a (086.86)
|2 MDT-MRF
|
| 245 |
0 |
0 |
|a Elixír lásky, aneb, Kate a Ollie
|h videozáznam
|c [réžia Andrea Dorfman]
|
| 260 |
|
|
|a Bratislava
|b Intersonic
|c 2005
|
| 300 |
|
|
|a 1 videokazeta (79 min.)
|b stereo, fareb., VHS systém PAL
|c 10 x 19 cm
|
| 650 |
0 |
7 |
|a filmová komédia
|2 SNKPH
|9 73961
|
| 650 |
0 |
7 |
|a filmy
|2 SNKPH
|9 3250
|
| 655 |
|
7 |
|a videokazety
|2 SNKPH
|9 70726
|
| 700 |
1 |
|
|a Dorfman, Andrea
|4 drt
|9 480834
|
| 999 |
|
|
|c 1162844
|d 1164774
|
| 952 |
|
|
|a SNK
|b SNK
|y PREZ
|7 0
|p 17A0461328
|o snkSVC 1591
|i snk2005/4566
|8 0
|0 0
|1 0
|4 0
|d 2005-03-23
|l 0
|r 2026-02-24 20:38:59
|w 2026-02-24
|